00686nam a2200193Ia 4500999001700000082002300017100002200040245005200062260004800114300001000162504001900172650002900191650004900220650002400269650003000293650003800323942000700361952012400368 c22165d22165 a303.62509548 DEV-; aDevi, M.G. Indira 0aTerrorist movement in South India: a case study aTrivandrumbKerala Historical Societyc1977 a103p. aIncludes index aTerrorism - India, South aPolitical crimes and offenses - India, South aTerrorist movement aTerrorists - India, South aPolitical violence - India, South cBK 00104070aNASSDOCbNASSDOCd2004-06-08i2004-10-05l0o303.62509548 DEV-;p37753r2019-04-18 00:00:00w2019-04-18yBK